=LDR 00000nam 2200000 4500 =001 INLIS000000001053270 =005 20250121112341 =035 ##$$a 0010-0125000044 =007 ta =008 250121################g##########0#ind## =020 ##$$a 978-979-26-5193-5 =082 ##$$a R. 657.450 26 =084 ##$$a R. 657.450 26 IND u =100 #$$a INDONESIA =245 1#$$a Undang-undang RI nomor 5 tentang akuntan publik dan peraturan pemerintah nomor 60 tentang sistem pengendalian intern pemerinrah tahun 2011. =250 ##$$a Cet. 1 =260 ##$$a Jakarta :$b CV. Tamita Utama,$c 2011 =300 ##$$a vi, 248 hlm. ; $c 22 x 16 cm. =600 #4$$a Akuntan Publik - Undang-undang